Who Says? (Stranger Things edition) - Statistics

General Stats
  • This quiz has been taken 44 times
  • The average score is 11 of 15
Answer Stats
Line Character % Correct
She's our friend and she's crazy! Dustin Henderson
97%
Ahoy ladies! I didn't see ya there Steve Harrington
97%
You like papa, I hate you Eleven
92%
It's time... for your suffering to end Vecna
92%
There's more to life than stupidboys, you know Max Mayfield
89%
It's not my fault you don't like girls Mike Wheeler
89%
Either you tell me what's happeningor I tell Dustin what I found under you're bed Erica Sinclair
87%
Max, if you can hear me, you need to run, RUNNNNN Will Byers
84%
C-O-M promise. Compromise Jim Hopper
82%
I'll kick em' so hard they'll pop like water balloons Lucas Sinclair
82%
Whatever you saw, it wasn't like thatwe were jus- Nancy Wheeler
71%
Or a game where you shoot balls into laundry baskets! Eddie Munson
61%
And you know what happens when you disobey me. I break things Billy Hargrove
42%
Is that your 'famous' hero, Jane? Angela
34%
You know, you're not what I thoughtyou'd be like Chrissy Cunningham
32%
No matching quizzes found
Score Distribution
Percent of People with Each Score
Percentile by Number Answered
Your Score History
You have not taken this quiz